[Event "Reykjavik op"]
[Site "Reykjavik"]
[Date "1996.??.??"]
[Round "3"]
[White "Thorsson, Olafur"]
[Black "Ulfarsson, Magnus Orn"]
[Result "0-1"]
[WhiteElo "2160"]
[BlackElo "2290"]
[PlyCount "91"]
[EventDate "1996.03.??"]
[EventType "swiss"]
[EventRounds "9"]
[EventCountry "ISL"]
[SourceTitle "CBM 052"]
[Source "ChessBase"]
[SourceDate "1996.06.01"]
[SourceVersion "1"]
[SourceVersionDate "1996.06.01"]
[SourceQuality "1"]

1. d4 Nf6 2. c4 e6 3. Nf3 b6 4. a3 Ba6 5. e3 d5 6. Nbd2 Bb7 7. cxd5 exd5 8. Bb5+ Nfd7 9. Ne5 c6 10. Bd3 Nxe5 11. dxe5 Nd7 12. e6 fxe6 13. Qh5+ Ke7 14. e4 Nf6 15. Qh4 dxe4 16. Nxe4 Qxd3 17. Bg5 Ba6 18. Bxf6+ Kf7 19. Qh5+ g6 20. Qg4 h5 21. Qf3 Qxf3 22. gxf3 Bg7 23. Bxg7 Kxg7 24. 0-0-0 Rad8 25. Ng5 Bc4 26. Rde1 Rde8 27. Rhg1 Rhf8 28. Re5 Rf5 29. Rxf5 exf5 30. Nh3 Kf6 31. Nf4 Bf7 32. h4 Rd8 33. Nh3 Rd4 34. f4 a5 35. Rd1 Rc4+ 36. Kd2 Bd5 37. Ke3 Rc2 38. Rd2 Rc5 39. Ng5 Rb5 40. Nh7+ Ke7 41. Kd4 Kd6 42. Nf6 Rc5 43. Ne8+ Kd7 44. Nf6+ Ke7 45. b4 axb4 46. axb4 0-1

[Event "Hafnarfjordur op"]
[Site "Hafnarfjordur"]
[Date "1995.??.??"]
[Round "1"]
[White "Thorsson, Olafur"]
[Black "Christensen, T."]
[Result "1/2-1/2"]
[WhiteElo "2175"]
[BlackElo "2375"]
[PlyCount "135"]
[EventDate "1995.??.??"]
[EventType "swiss"]
[EventRounds "9"]
[EventCountry "ISL"]
[SourceTitle "EXT 1998"]
[Source "ChessBase"]
[SourceDate "1997.11.17"]
[SourceVersion "1"]
[SourceVersionDate "1997.11.17"]
[SourceQuality "1"]

1. d4 d5 2. c4 e6 3. cxd5 exd5 4. Nc3 c6 5. Nf3 Bd6 6. Bg5 Ne7 7. e3 Qb6 8. a3 Bf5 9. Na4 Qc7 10. Bh4 Nd7 11. Bd3 Bg6 12. Rc1 Nf5 13. Nc3 Nxh4 14. Nxh4 Qd8 15. Nf5 Bxf5 16. Bxf5 0-0 17. Bd3 Qh4 18. g3 Qh6 19. Qg4 Rad8 20. 0-0 g6 21. Qf3 Qg7 22. Rcd1 Kh8 23. e4 dxe4 24. Nxe4 Be7 25. b4 Qxd4 26. Ba6 Qb6 27. Qc3+ f6 28. Bc4 Ne5 29. Bb3 Rxd1 30. Rxd1 Rd8 31. Rxd8+ Qxd8 32. f4 Qd4+ 33. Qxd4 Nf3+ 34. Kf2 Nxd4 35. Bf7 Nc2 36. Be6 Nxa3 37. Bc8 b6 38. Bb7 c5 39. bxc5 bxc5 40. Ke3 Nc4+ 41. Kd3 Nb6 42. Nd2 Kg7 43. Nc4 Nd7 44. Na5 Bd8 45. Nc6 Bb6 46. Bc8 Nf8 47. Kc4 f5 48. Ne5 Kf6 49. Kd5 h6 50. g4 Bc7 51. h4 fxg4 52. Nxg4+ Kg7 53. Ne5 Bxe5 54. fxe5 c4 55. Kxc4 Kf7 56. Kd5 Ke7 57. Bg4 a5 58. Bd1 Nd7 59. Bc2 Nf8 60. Ke4 Ke6 61. Kf4 Kd5 62. Bb3+ Kc5 63. Ke4 Nd7 64. e6 Nf6+ 65. Ke5 Ng8 66. Bc2 Kb4 67. Bxg6 a4 68. Bb1 1/2-1/2

[Event "Hafnarfjordur op"]
[Site "Hafnarfjordur"]
[Date "1995.??.??"]
[Round "8"]
[White "Thorsson, Olafur"]
[Black "Riemersma, Liafbern"]
[Result "1/2-1/2"]
[WhiteElo "2175"]
[BlackElo "2430"]
[PlyCount "84"]
[EventDate "1995.??.??"]
[EventType "swiss"]
[EventRounds "9"]
[EventCountry "ISL"]
[SourceTitle "EXT 1998"]
[Source "ChessBase"]
[SourceDate "1997.11.17"]
[SourceVersion "1"]
[SourceVersionDate "1997.11.17"]
[SourceQuality "1"]

1. c4 Nf6 2. Nc3 c6 3. e4 e5 4. Nf3 d6 5. d4 Nbd7 6. Be2 Be7 7. 0-0 0-0 8. Qc2 Qc7 9. Rd1 a6 10. Rb1 Re8 11. b4 exd4 12. Nxd4 b5 13. Nf5 Bf8 14. Bg5 h6 15. Bh4 g6 16. Ne3 Bb7 17. Rbc1 Rac8 18. a3 Qb6 19. Ng4 g5 20. Bg3 c5 21. Nd5 Bxd5 22. cxd5 Rxe4 23. Nxf6+ Nxf6 24. Bd3 Ree8 25. Bf5 Rc7 26. h4 Nh5 27. Bh2 Bg7 28. hxg5 hxg5 29. Bxd6 Qxd6 30. bxc5 Qf4 31. Qd3 Bd4 32. Qxd4 Re1+ 33. Rxe1 Qxd4 34. d6 Rxc5 35. Rxc5 Qxd6 36. Rec1 Nf4 37. Bg4 Qe7 38. R5c3 Kg7 39. g3 Ng6 40. Re3 Qd6 41. Rce1 Qc5 42. Bh5 Kh6 1/2-1/2

[Event "Hafnarfjordur op"]
[Site "Hafnarfjordur"]
[Date "1995.??.??"]
[Round "2"]
[White "Vidarsson, Jon Gardar"]
[Black "Thorsson, Olafur"]
[Result "1/2-1/2"]
[WhiteElo "2345"]
[BlackElo "2175"]
[PlyCount "108"]
[EventDate "1995.??.??"]
[EventType "swiss"]
[EventRounds "9"]
[EventCountry "ISL"]
[SourceTitle "EXT 1998"]
[Source "ChessBase"]
[SourceDate "1997.11.17"]
[SourceVersion "1"]
[SourceVersionDate "1997.11.17"]
[SourceQuality "1"]

1. e4 c5 2. Nf3 e6 3. d4 cxd4 4. Nxd4 Nc6 5. Nc3 Qc7 6. g3 a6 7. Bg2 Nf6 8. 0-0 Nxd4 9. Qxd4 Bc5 10. Qd3 h6 11. Na4 Be7 12. Be3 d6 13. Nb6 Rb8 14. a4 0-0 15. a5 Bd7 16. c4 Bc6 17. Rfd1 Ng4 18. Bf4 Rbd8 19. Qe2 Ne5 20. b4 f5 21. f3 fxe4 22. fxe4 Bg5 23. Bxg5 hxg5 24. h3 Rf6 25. Ra3 Rdf8 26. Qd2 Rf3 27. Re3 g4 28. hxg4 Rf2 29. Qxd6 Qxd6 30. Rxd6 Nxg4 31. Red3 Re2 32. Rd1 Ne3 33. Bh3 Nxd1 34. Bxe6+ Kh8 35. Rxd1 Rff2 36. Bh3 Bxe4 37. Rd8+ Kh7 38. Rd4 Bc6 39. Nd5 Rh2 40. Bf1 Rb2 41. Bd3+ Kg8 42. Ne7+ Kf7 43. Nxc6 bxc6 44. b5 cxb5 45. cxb5 Rhd2 46. Bc4+ Ke7 47. Rxd2 Rxd2 48. bxa6 Rd7 49. Kf2 Kd6 50. Ke3 Kc5 51. Bf1 Kb4 52. Ke4 Kxa5 53. Bc4 Kb6 54. g4 Rc7 1/2-1/2

[Event "Kopavogur"]
[Site "Kopavogur"]
[Date "1994.??.??"]
[Round "?"]
[White "Bjornsson, Tomas"]
[Black "Thorsson, Olafur"]
[Result "1/2-1/2"]
[WhiteElo "2260"]
[BlackElo "2180"]
[PlyCount "69"]
[EventDate "1994.04.??"]
[EventType "swiss"]
[EventRounds "9"]
[EventCountry "ISL"]
[SourceTitle "CBM 041 Extra"]
[Source "ChessBase"]
[SourceDate "1994.09.01"]
[SourceVersion "1"]
[SourceVersionDate "1994.09.01"]
[SourceQuality "1"]

1. e4 e5 2. Nf3 Nc6 3. Bb5 a6 4. Ba4 d6 5. d4 b5 6. Bb3 Nxd4 7. Nxd4 exd4 8. Bd5 Rb8 9. Bc6+ Bd7 10. Bxd7+ Qxd7 11. Qxd4 Nf6 12. Nc3 Be7 13. 0-0 0-0 14. a4 Qc6 15. axb5 axb5 16. Bg5 Rfe8 17. b4 h6 18. Bd2 Qb7 19. Qa7 c5 20. bxc5 dxc5 21. Bf4 Qxa7 22. Rxa7 Rbd8 23. Nxb5 Nxe4 24. f3 Ng5 25. Nc7 Rd7 26. Rfa1 Red8 27. Ra8 Kh7 28. Rxd8 Bxd8 29. Nb5 Ne6 30. Be3 Bg5 31. Kf2 Bf6 32. Ra7 Rxa7 33. Nxa7 Be5 34. Ke2 Bf4 35. h3 1/2-1/2

[Event "Kopavogur"]
[Site "Kopavogur"]
[Date "1994.??.??"]
[Round "?"]
[White "Gislason, Gudmundur"]
[Black "Thorsson, Olafur"]
[Result "0-1"]
[WhiteElo "2325"]
[BlackElo "2180"]
[PlyCount "96"]
[EventDate "1994.04.??"]
[EventType "swiss"]
[EventRounds "9"]
[EventCountry "ISL"]
[SourceTitle "CBM 041 Extra"]
[Source "ChessBase"]
[SourceDate "1994.09.01"]
[SourceVersion "1"]
[SourceVersionDate "1994.09.01"]
[SourceQuality "1"]

1. d4 Nf6 2. c4 g6 3. Nc3 Bg7 4. e4 d6 5. h3 0-0 6. Bg5 c5 7. d5 e6 8. dxe6 Bxe6 9. Nf3 Qa5 10. Bd3 Nc6 11. 0-0 Nd7 12. Nd5 Bxb2 13. Rb1 Bg7 14. Rxb7 Rab8 15. Rxd7 Bxd7 16. Bf6 Qxa2 17. Qc1 Be6 18. Bxg7 Kxg7 19. Qc3+ f6 20. Nc7 Bg8 21. Nb5 Qa5 22. Qc1 Qd8 23. Rd1 a6 24. Nc3 Ne5 25. Nxe5 fxe5 26. Bf1 Rb4 27. Na2 Rb6 28. Rd2 Qf6 29. Nc3 Rb4 30. Nd1 Rfb8 31. Ne3 a5 32. Ng4 Qf4 33. g3 Qg5 34. Qc3 h5 35. Ne3 Qf6 36. g4 a4 37. gxh5 gxh5 38. Rxd6 Qg5+ 39. Ng2 R4b6 40. f4 Qe7 41. fxe5 Be6 42. Qg3+ Kh7 43. Qf3 Qf7 44. Nf4 Rxd6 45. exd6 Rf8 46. Nxe6 Qxf3 47. Ng5+ Kg6 48. Nxf3 Rxf3 0-1

[Event "Reykjavik op"]
[Site "Reykjavik"]
[Date "1994.??.??"]
[Round "2"]
[White "Thorhallsson, Gylfi"]
[Black "Thorsson, Olafur"]
[Result "1-0"]
[WhiteElo "2295"]
[BlackElo "2180"]
[PlyCount "67"]
[EventDate "1994.02.??"]
[EventType "swiss"]
[EventRounds "9"]
[EventCountry "ISL"]
[SourceTitle "CBM 039 Extra"]
[Source "ChessBase"]
[SourceDate "1994.05.01"]
[SourceVersion "1"]
[SourceVersionDate "1994.05.01"]
[SourceQuality "1"]

1. e4 e5 2. Nf3 Nc6 3. Bb5 a6 4. Ba4 d6 5. d4 b5 6. Bb3 Nxd4 7. Nxd4 exd4 8. a4 Bb7 9. axb5 axb5 10. Rxa8 Bxa8 11. 0-0 Nf6 12. Na3 Be7 13. Nxb5 c5 14. f3 0-0 15. Na3 d5 16. exd5 Nxd5 17. Nc4 Bg5 18. Re1 Bf4 19. Bxf4 Nxf4 20. Qd2 Qg5 21. Re5 Qf6 22. Rxc5 Bd5 23. Qf2 Qg5 24. h4 Qe7 25. Ra5 Bxc4 26. Bxc4 Qb4 27. Rf5 Ng6 28. Qxd4 Qe1+ 29. Kh2 Qe7 30. g3 Kh8 31. h5 Rd8 32. Rd5 Rxd5 33. Qxd5 Ne5 34. Qa8+ 1-0

[Event "Reykjavik op"]
[Site "Reykjavik"]
[Date "1994.??.??"]
[Round "3"]
[White "Thorsson, Olafur"]
[Black "Steingrimsson, Hedinn"]
[Result "0-1"]
[WhiteElo "2180"]
[BlackElo "2420"]
[PlyCount "78"]
[EventDate "1994.02.??"]
[EventType "swiss"]
[EventRounds "9"]
[EventCountry "ISL"]
[SourceTitle "CBM 039 Extra"]
[Source "ChessBase"]
[SourceDate "1994.05.01"]
[SourceVersion "1"]
[SourceVersionDate "1994.05.01"]
[SourceQuality "1"]

1. d4 d5 2. c4 c6 3. Nf3 Nf6 4. Nc3 e6 5. e3 Nbd7 6. Qc2 Bd6 7. Be2 0-0 8. 0-0 Re8 9. b3 Qe7 10. Bb2 b6 11. e4 Nxe4 12. Nxe4 dxe4 13. Qxe4 Bb7 14. Rad1 Nf6 15. Qh4 c5 16. dxc5 Bxc5 17. Bd3 Bxf3 18. gxf3 e5 19. Rfe1 Qc7 20. Bf5 a5 21. a4 Re7 22. Bc1 Qc6 23. Rd5 h6 24. Bxh6 gxh6 25. Qxh6 Bxf2+ 26. Kf1 Bxe1 27. Bh7+ Kh8 28. Be4+ Kg8 29. Bh7+ Kh8 30. Bf5+ Kg8 31. Kxe1 Re6 32. Bxe6 Qxe6 33. Rd2 Ng4 34. Qxe6 fxe6 35. fxg4 Kg7 36. Rd6 Kf6 37. Kf2 Rh8 38. h4 Ke7 39. Rxb6 Rf8+ 0-1

[Event "Gausdal Int"]
[Site "Gausdal"]
[Date "1993.??.??"]
[Round "5"]
[White "Cherniaev, Alexander"]
[Black "Thorsson, Olafur"]
[Result "1-0"]
[WhiteElo "2420"]
[BlackElo "2200"]
[PlyCount "153"]
[EventDate "1993.08.??"]
[EventType "swiss"]
[EventRounds "9"]
[EventCountry "NOR"]
[SourceTitle "TD"]
[Source "ChessBase"]
[SourceDate "1994.03.01"]
[SourceVersion "1"]
[SourceVersionDate "1994.03.01"]
[SourceQuality "1"]

1. e4 d6 2. d4 g6 3. g3 Bg7 4. Bg2 Nf6 5. Ne2 0-0 6. Nbc3 Nbd7 7. h3 c6 8. a4 e5 9. Be3 exd4 10. Bxd4 Re8 11. 0-0 a5 12. g4 Qc7 13. Ng3 Nc5 14. g5 Nfd7 15. Bxg7 Kxg7 16. f4 f6 17. h4 Rf8 18. Qd2 Nb6 19. b3 Bg4 20. Rae1 Rae8 21. Nd1 Bxd1 22. Qxd1 Qd8 23. Qg4 fxg5 24. hxg5 d5 25. e5 Ne6 26. Qh4 Kh8 27. Bh3 Qe7 28. Re2 Nd7 29. Rh2 Ndc5 30. Kh1 Rf7 31. Rhf2 Ref8 32. Kg1 Kg8 33. Qg4 Nd4 34. Qd1 Nf5 35. Bxf5 Rxf5 36. Nxf5 Rxf5 37. Qe1 Ne6 38. Qd2 Qc5 39. Kg2 Kg7 40. Rf3 Qf8 41. Kg3 Qd8 42. Kf2 Qb6+ 43. Kg2 Qd8 44. Kh1 h5 45. gxh6+ Kh7 46. Qg2 Qh4+ 47. Rh3 Qe7 48. Qg4 b5 49. axb5 cxb5 50. Rg3 Qf7 51. Rgf3 a4 52. bxa4 bxa4 53. Kh2 Rh5+ 54. Kg3 Nd4 55. Kg2 Nf5 56. Rh1 Rxh1 57. Kxh1 Qb7 58. Kh2 Qb2 59. Qg1 Qxc2+ 60. Qf2 Qc7 61. Qa2 Qd8 62. Rh3 Qb6 63. Ra3 Qd8 64. Qf2 Qa5 65. e6 Qa6 66. Qe1 Qc4 67. Rf3 Qc5 68. Qc3 Qxc3 69. Rxc3 Kxh6 70. Rc7 a3 71. e7 a2 72. e8Q a1Q 73. Rc2 Qf6 74. Rg2 d4 75. Kg1 Nh4 76. Rg4 d3 77. Rxh4+ 1-0